00436 a2200133 4500001000900000005001700009008004100026245007700067100001900144700002200163700003000185700001800215773006900233ART_754020260410161555.0260409a 10aLas inversiones en investigación y desarrollo en los estados contables1 aDíaz, Teresa1 aBertolino, Gisela1 aGrisolía, María Laura1 aSuardi, Diana0 tProfesional & Empresariag- Año IX, Nº 103 (abr. 2008)wREV70